000 00546nam a22001937a 4500
003 KOHA_MİRAKIL
005 20250414140300.0
008 250414b tu ||||| |||| 00| 0 tur d
020 _a9786052651070
040 _aTR-AnABB
_btur
_cTR-AnABB
041 _atur
082 _a828.3354
_bOZE 2023
100 1 _aOzeki, Ruth,
245 1 0 _aBiçimin ve boşluğun kitabı /
_cRuth Ozeki
260 _aİstanbul :
_bİthaki Yayınları,
_c2023
300 _a602 sayfa ;
_c20 cm
650 0 4 _aAmerikan edebiyatı, roman
942 _2ddc
_cBK
999 _c8674
_d8674
900 _bGizem YORULMAZ